Từ ngôn ngữ chung đến ngôn ngữ nghệ thuật
محفوظ في:
| المؤلف الرئيسي: | |
|---|---|
| التنسيق: | كتاب |
| اللغة: | Undetermined |
| منشور في: |
Hà Nội
KHXH
1998
|
| الموضوعات: | |
| الوسوم: |
إضافة وسم
لا توجد وسوم, كن أول من يضع وسما على هذه التسجيلة!
|
| Thư viện lưu trữ: | Trung tâm Học liệu Trường Đại học Cần Thơ |
|---|
| LEADER | 00558nam a2200193Ia 4500 | ||
|---|---|---|---|
| 001 | CTU_29770 | ||
| 008 | 210402s9999 xx 000 0 und d | ||
| 020 | |b 21.000đ | ||
| 082 | |a 495.9228 | ||
| 082 | |b Th105 | ||
| 100 | |a Đào Thản | ||
| 245 | 0 | |a Từ ngôn ngữ chung đến ngôn ngữ nghệ thuật | |
| 245 | 0 | |c Đào Thản | |
| 260 | |a Hà Nội | ||
| 260 | |b KHXH | ||
| 260 | |c 1998 | ||
| 650 | |a rhetoric,semantics,vietnamese language | ||
| 904 | |i Minh, 990422 | ||
| 980 | |a Trung tâm Học liệu Trường Đại học Cần Thơ | ||